000 00733nam a2200289Ia 4500
005 20260324131917.0
008 008 260324s9999 xx 000 0 eng d
020 _a9780203964095
037 _aEBOOK
040 _aCRL
040 _beng
040 _cCRL
041 _2eng
041 _aeng
084 _qCRL
100 _aTed Glynn; Janice Wearmouth; Mere Berryman
_91187307
245 0 _aPerspectives on Student Behaviour in Schools
245 0 _bExploring Theory and Developing Practice
260 _bTaylor and Francis
260 _c2005
365 _a
365 _b240
856 _uhttp://www.taylorfrancis.com/books/9780203964095
942 _cEBOOK
999 _c1784886
_d1784886